| 000 | 02053nam a2200433 a 4500 | ||
|---|---|---|---|
| 001 | ebr10386721 | ||
| 003 | CaPaEBR | ||
| 006 | m u | ||
| 007 | cr cn||||||||| | ||
| 008 | 080627s2009 hiuab sb s001 0 eng | ||
| 010 | _z 2008028725 | ||
| 020 | _z9780824832018 (hard cover : alk. paper) | ||
| 020 | _z0824832019 (hard cover : alk. paper) | ||
| 020 | _z9780824833152 (pbk. : alk. paper) | ||
| 020 | _z0824833155 (pbk. : alk. paper) | ||
| 040 |
_aCaPaEBR _cCaPaEBR |
||
| 035 | _a(OCoLC)436453244 | ||
| 043 | _aa-io--- | ||
| 050 | 1 | 4 |
_aHD5855.I5 _bL56 2009eb |
| 082 | 0 | 4 |
_a331.5/4409598192 _222 |
| 100 | 1 | _aLindquist, Johan A. | |
| 245 | 1 | 4 |
_aThe anxieties of mobility _h[electronic resource] : _bmigration and tourism in the Indonesian borderlands / _cJohan A. Lindquist. |
| 246 | 3 | 0 | _aMigration and tourism in the Indonesian borderlands |
| 260 |
_aHonolulu : _bUniversity of Hawai�i Press, _cc2009. |
||
| 300 |
_aviii, 193 p. : _bill., map. |
||
| 490 | 1 | _aSoutheast Asia--politics, meaning, and memory | |
| 504 | _aIncludes bibliographical references (p. [171]-186) and index. | ||
| 505 | 0 | _aBorderland formations -- The diluted enclave -- The economy of the night -- Fantasy island -- Revolving doors of dispossession -- Between stress beach and fantasy island. | |
| 533 |
_aElectronic reproduction. _bPalo Alto, Calif. : _cebrary, _d2013. _nAvailable via World Wide Web. _nAccess may be limited to ebrary affiliated libraries. |
||
| 650 | 0 |
_aMigrant labor _zIndonesia _zBatam Island. |
|
| 650 | 0 |
_aWomen migrant labor _zIndonesia _zBatam Island. |
|
| 650 | 0 |
_aMarginality, Social _zIndonesia _zBatam Island. |
|
| 650 | 0 |
_aGlobalization _xEconomic aspects _zIndonesia _zBatam Island. |
|
| 650 | 0 |
_aGlobalization _xSocial aspects _zIndonesia _zBatam Island. |
|
| 655 | 7 |
_aElectronic books. _2local |
|
| 710 | 2 | _aebrary, Inc. | |
| 830 | 0 | _aSoutheast Asia--politics, meaning, memory. | |
| 856 | 4 | 0 |
_uhttp://site.ebrary.com/lib/rucke/Doc?id=10386721 _zAn electronic book accessible through the World Wide Web; click to view |
| 999 |
_c101131 _d101131 |
||